000 00435nam a2200145Ia 4500
008 090124s9999 xx 000 0 und d
082 _b303157
245 _a तूच ने तुझ्यासवे !
250 _a1
260 _bकेळकर राजा
_c1995
300 _a156
630 _a तूच ने तुझ्यासवे !
730 _a तूच ने तुझ्यासवे !
942 _cBOOK
999 _c192794
_d192794